Đang tải...

ലഘുസംസ്‌കൃതം 4 /

Chi tiết về thư mục
Tác giả chính: പൗലോസ് കെ, ജി
Tác giả khác: Paulose, K G.
Định dạng: Printed Book
Được phát hành: Edappal: Vallathol vidyapeedam, 2005.
Những chủ đề:
LEADER 00610cam a2200157ua 4500
020 |a 81-240-1318-7 
082 |a M491.25  |b PAU/L.4 
100 0 |a പൗലോസ് കെ, ജി. 
245 1 0 |a ലഘുസംസ്‌കൃതം 4 /  
260 |a Edappal:  |b Vallathol vidyapeedam,  |c 2005. 
300 |a 415p. 
650 |a Lakhusamskritham: Samskrithapadanathinu puthu lalitha reethi-4  |a Linguistics  |a Sanskrit 
700 |a Paulose, K G. 
942 |c BK 
999 |c 18725  |d 18725 
952 |0 0  |1 0  |4 0  |6 M_491_250000000000000_PAUL  |7 0  |9 19561  |a KUCL  |b KUCL  |d 2014-05-23  |l 1  |o M491.25 PAU/L.  |p 16330  |r 2018-11-24  |s 2018-11-03  |w 2014-05-23  |y BK